| 000 | 03191cam a22003251i 4500 | ||
|---|---|---|---|
| 003 | SA-RiAUC | ||
| 005 | 20250709120404.0 | ||
| 008 | 250529s1957 sy o g b f00010 ara c | ||
| 040 |
_aSA-RiAUC _bara _cSA-RiAUC _erda |
||
| 082 | 0 | 4 |
_a415.1 _qSA-RiAUC |
| 090 |
_a415.1 _bا ن ب |
||
| 100 | 1 |
_aالأنباري، عبد الرحمن بن محمد بن عبيد الله، _d513-577 هجري _eمؤلف. |
|
| 245 | 1 | 0 |
_aكتاب أسرار العربية / _cتأليف أبي البركات عبد الرحمن بن محمد بن أبي سعيد الأنباري ؛ عنى بتحقيقه محمد بهجة البيطار. |
| 264 | 1 |
_aدمشق : _bالمجمع العلمي العربي، _c1957 |
|
| 264 |
_aدمشق : _bمطبعة الترقي، |
||
| 300 |
_a20، 496 صفحة : _bصور ؛ _c24 سم |
||
| 336 |
_aنص _btxt _2rdacontent _3كتاب |
||
| 337 |
_aبدون وسيط _bn _2rdamedia |
||
| 338 |
_aمجلد _bnc _2rdacarrier |
||
| 490 | 0 | _aمطبوعات المجمع العلمي العربي بدمشق | |
| 504 | _aببليوجرافية : صفحة 473-475. | ||
| 650 | 7 |
_aاللغة العربية _xنحو _2aucsh |
|
| 700 | 1 |
_aالبيطار، محمد بهجت، _d1894-1976 _eمحقق. |
|
| 700 | 1 | 2 |
_iتحقيق لـ : _aالأنباري، عبد الرحمن بن محمد بن عبيد الله، _d513-577 هجري. _tأسرار العربية. |
| 856 |
_uhttp://dlib.nyu.edu/aco/book/columbia_aco000006/1?lang=ar _yDigital Copy _2 نرجو الانتباه لإمكانية وجود اختلاف في الطبعة أو الناشر بين البيانات على البوابة وما ستجده على الكتاب نظرا لمحدودية المعلومات المتاحة على الموقع الناشر للمادة. _3Please note that there may be a difference in the edition or publisher between the data on the portal and the book due to the limited information available on the publisher website for the material. |
||
| 856 |
_uhttp://dlib.nyu.edu/files/books/columbia_aco000006_afr07_s.jpg _yCoverImage _2 نرجو الانتباه لإمكانية وجود اختلاف في الطبعة أو الناشر بين البيانات على البوابة وما ستجده على الكتاب نظرا لمحدودية المعلومات المتاحة على الموقع الناشر للمادة. _3Please note that there may be a difference in the edition or publisher between the data on the portal and the book due to the limited information available on the publisher website for the material. |
||
| 856 |
_uhttp://dlib.nyu.edu/aco/book/columbia_aco000006/1?lang=ar _yDigital Copy _2 نرجو الانتباه لإمكانية وجود اختلاف في الطبعة أو الناشر بين البيانات على البوابة وما ستجده على الكتاب نظرا لمحدودية المعلومات المتاحة على الموقع الناشر للمادة. _3Please note that there may be a difference in the edition or publisher between the data on the portal and the book due to the limited information available on the publisher website for the material. |
||
| 942 |
_2ddc _cBOOK _n0 |
||
| 949 |
_aSA-JeALM _d250529 _uosman123 _n1 |
||
| 999 |
_c9661 _d9661 |
||